| 000 | 00509nam a2200193Ia 4500 | ||
|---|---|---|---|
| 003 | OSt | ||
| 005 | 20251106144858.0 | ||
| 008 | 210210b2007 xxu||||| |||| 00| 0 eng d | ||
| 040 | _cAL | ||
| 041 | _akan | ||
| 082 | _aK894.301 PADT | ||
| 100 |
_aPADMA SHENOY _9166394 _dಪದ್ಮಾ ಶೆಣೈ |
||
| 245 |
_aTatvika kathegalu: _bತಾತ್ವಿಕ ಕತೆಗಳು |
||
| 260 |
_aMangaluru _b- _c2007 |
||
| 300 | _a83 | ||
| 690 |
_aKannada Fiction _9166395 |
||
| 906 | _a062581 | ||
| 942 |
_2ddc _cBK |
||
| 999 |
_c117693 _d117693 |
||